LEADER 00995nam0-22003131i-450- 001 990007248050403321 005 20021010 035 $a000724805 035 $aFED01000724805 035 $a(Aleph)000724805FED01 035 $a000724805 100 $a20021010d--------km-y0itay50------ba 101 0 $aita 200 1 $aTesto unico delle disposizioni sull'edilizia popolare ed economica$eR.D. 28-4-1938, n. 1165 e successivemodificazioni$fItalia. Ministero dei lavori pubblici. 205 $a6. rist. agg. 210 $aRoma$cLa libreria dello Stato$d1956. 215 $a175 p.$d21 cm 300 $aDono Navarra. 676 $a348 710 02$aItalia.$bMinistero dei lavori pubblici$0285513 801 0$aIT$bUNINA$gRICA$2UNIMARC 901 $aBK 912 $a990007248050403321 952 $aDIR-148$bDip.$fDDRC 952 $aDIR-148$bDip.$fDDRC 959 $aDDRC 996 $aTesto unico delle disposizioni sull'edilizia popolare ed economica$9687453 997 $aUNINA DB $aGEN01